| 000 | 01024nam a2200241 i 4500 | ||
|---|---|---|---|
| 001 | bg | ||
| 245 | 7 | 0 |
_aPostęp w przetwórstwie tworzyw sztucznych / _cpod red. J[ózefa] Koszkula ; Politechnika Częstochowska. Instytut Obróbki Plastycznej Metali i Tworzyw Sztucznych, Towarzystwo Przetwórców Tworzyw Wielkocząsteczkowych SIMP [Stowarzyszenia Inżynierów i Techników Mechaników Polskich] w Częstochowie. |
| 260 |
_aCzęstochowa : _bWydaw. PC, _c1997. |
||
| 300 |
_a243 s. : _bfot., rys., wykr. ; _c24 cm. |
||
| 490 | 1 |
_aKonferencje / Politechnika Częstochowska, _x1234-9895 ; _v17 |
|
| 504 | _aBibliogr., streszcz., summ. przy ref. | ||
| 650 | 9 |
_aTworzywa sztuczne _xtechnologia |
|
| 655 | _aMateriały konferencyjne | ||
| 700 | 1 |
_aKOSZKUL, Józef. _eRed. |
|
| 830 | 0 |
_aKonferencje (Politechnika Częstochowska) ; _v17 |
|
| 020 | _a8371930038 | ||
| 040 | _cBPK | ||
| 041 | 0 |
_apl _benpl |
|
| 080 | _a678.5/.7(061.3) | ||
| 920 | _a83-7193-003-8 | ||
| 942 | _cKS | ||
| 008 | s pl f |000 0 pol | ||
| 999 |
_c31858 _d31858 |
||
| 856 |
_uhttp://koha.tu.koszalin.pl/cgi-bin/koha/opac-detail.pl?biblionumber=31858 _yKatalog online BPK |
||